| 000 | 00667cab a2200217 4500 | ||
|---|---|---|---|
| 001 | WB2610-09 | ||
| 008 | 090401t1990 xxu||||| |||| 00| 0 eng d | ||
| 035 | _a(Sirsi) u3360 | ||
| 041 | _aeng | ||
| 245 | _aJapanese welcomed to Oxford | ||
| 260 | _c1990 | ||
| 350 | _a0 | ||
| 490 |
_aDTI Press Notice _v90/94 28 February 1990 2 pages |
||
| 520 | _aThe Government has welcomed the decision by the Japan ese company Sharp to invest in a major research and development centre at Oxford `s new science park . | ||
| 650 | _aDEVELOPMENT | ||
| 650 | _aFOREIGN | ||
| 650 | _aHIGH TECH | ||
| 690 | _aPROPERTY-COMMERCIAL PROPERTY | ||
| 942 | _n0 | ||
| 948 | _c04/03/1997 | ||
| 999 |
_c2061 _d2061 |
||